Programmnyje sredstva diagnostirovanija JES EVM /

Gespeichert in:
Bibliographische Detailangaben
Hauptverfasser: Krisevič, V.S (Verfasst von), Gurko, A.I (Verfasst von), Korolev, V.S (Verfasst von)
Format: Buch
Sprache:Russisch
Veröffentlicht: Moskva : Finansy i statistika, 1985
Tags: Tag hinzufügen
Keine Tags, Fügen Sie das erste Tag hinzu!

MARC

LEADER 00000nam a22000003a 4500
001 stu8637
005 20150617225806.9
008 960308s1985----xxr-----------------rus-d
040 |a STU  |b slo 
041 0 |a rus 
044 |a xxr 
080 |a 681.32.087 
100 1 |a Krisevič, V.S  |4 aut 
245 1 |a Programmnyje sredstva diagnostirovanija JES EVM /  |c [aut.] Gurko,A.I.; Korolev,V.S.; Krisevič,V.S 
260 |a Moskva :  |b Finansy i statistika,  |c 1985 
300 |a 213 s 
700 1 |a Gurko, A.I  |4 aut 
700 1 |a Korolev, V.S  |4 aut 
996 |b E62674  |c E*62674  |l EE03  |s P  |a 0  |w stu8637_0001